[Event "CUB-ch"]
[Site "Matanzas"]
[Date "1997.03.25"]
[Round "9"]
[White "Gonzalez, Renier"]
[Black "Rodriguez Cespedes, Amador"]
[Result "0-1"]
[WhiteElo "2385"]
[BlackElo "2555"]
[Annotator "Rodriguez,Am"]
[PlyCount "121"]
[EventDate "1997.03.15"]
[EventType "tourn"]
[EventRounds "13"]
[EventCountry "CUB"]
[EventCategory "7"]
[SourceTitle "CBM 057 Extra"]
[Source "ChessBase"]
[SourceDate "1997.05.01"]
[SourceVersion "1"]
[SourceVersionDate "1997.05.01"]
[SourceQuality "1"]

1. e4 c5 2. Nf3 d6 3. d4 cxd4 4. Nxd4 Nf6 5. Nc3 a6 6. Bc4 e6 7. Bb3 Nc6 8. Be3
Na5 9. O-O (9. f4 b5 10. e5 dxe5 11. fxe5 Nxb3 12. axb3 Nd5 {is a more
aggressive setup by White}) 9... b5 10. a3 $146 (10. f4 {still leads to sharp
play for both sides.}) 10... Nxb3 (10... Bb7 11. Bxe6 $5 (11. f3 Rc8) 11...
fxe6 12. Nxe6 Qd7 13. Nd5 Nxd5 14. exd5 Nc4 15. Bd4 $40) 11. cxb3 Bb7 12. f3
Be7 13. b4 O-O 14. Nb3 Rc8 15. Qd4 Qc7 16. Rac1 Qb8 17. Rfd1 Nd7 {Black has an
easy equality.} (17... d5 18. e5 Nd7 (18... Rc4 19. Qd2 Qxe5 20. Na5) 19. f4 f6
20. exf6 Bxf6 21. Qd2) 18. Na5 Ba8 19. Qd2 Ne5 (19... f5 $5) 20. Qf2 Rc7 (20...
Nc6) (20... f5 $1 21. Ba7 Qc7) 21. Bb6 Rd7 22. Bd4 Rfd8 23. Qg3 Ng6 24. Qf2 (
24. f4 $6 e5 $1) 24... h6 25. Be3 Rf8 26. Ne2 (26. f4 f5) 26... Rc8 27. Nf4 (
27. Ba7 $4 Rxc1 $19) 27... Ne5 28. Qg3 Kh7 29. h4 Rxc1 30. Rxc1 Rc7 31. Rd1 Rc2
32. Bd4 Qc7 33. Nh5 g6 34. Qf4 f5 35. exf5 (35. Ng3 g5 $1 $19 36. Qe3 f4 37.
Qb3 fxg3 38. Qxe6 Rc1) 35... exf5 (35... gxh5 36. fxe6 Rxg2+ 37. Kxg2 Bxf3+ 38.
Kg3 (38. Kf1 Qc2 39. Rd2 Qc1+ 40. Kf2 Bxh4+) 38... Bxd1 39. Bxe5 $13) 36. Ng3
Rxg2+ 37. Kxg2 Bxf3+ 38. Kf1 (38. Qxf3 Nxf3 39. Kxf3 Bxh4) 38... Bxd1 (38...
Qc2 $1 39. Qd2 (39. Rd2 Qc1+ 40. Kf2 Nd3+ $19) 39... Bxd1 40. Qxc2 Bxc2 $19)
39. h5 Bg4 40. hxg6+ Kxg6 (40... Nxg6 $1 41. Qd2 Bg5 $19) 41. Bc3 Bg5 (41...
Bh3+ $5 42. Ke2 (42. Kg1 Qa7+ 43. Kh2 Bg5) 42... Bg5 43. Qd4 Kh7 44. Kd1 Bg4+
45. Kc2 h5) 42. Qd4 Qe7 43. Qd5 Nf7 {/\ 44...Qe3} 44. Qa8 Kh7 45. Qd5 Bf4 46.
Nc6 Qe8 (46... Bh3+ 47. Kg1 Qe3+ 48. Kh1 Ng5 $1 $19) 47. Qd4 Bh3+ 48. Kf2 Ne5
49. Qa7+ Kg6 (49... Qd7 50. Qxd7+ Nxd7 51. Ne7 $17) 50. Ne7+ (50. Nxe5+ Bxe5
51. Qxa6 h5 $19) 50... Kg5 51. Nd5 (51. Ne2 Qh5) 51... Qf7 52. Qxf7 (52. Qd4 $2
Ng4+ 53. Kf3 (53. Kg1 Bxg3) 53... Qxd5+ $1 54. Qxd5 Bg2+ 55. Kxg2 Ne3+ 56. Kf3
Nxd5) 52... Nxf7 53. Ne2 Be5 54. Nc7 (54. Bd2+ Kg4) 54... Kg4 55. Nxa6 f4 56.
Ng1 Ng5 57. Nxh3 Ne4+ 58. Kf1 (58. Ke2 Kxh3 59. Bxe5 dxe5 60. Nc5 Nxc5 (60...
Nd6 61. Kf3 Nc4)) 58... Kxh3 59. Bxe5 dxe5 60. a4 (60. Nc5 Nd2+) 60... Kg3 61.
Nc5 (61. Nc5 Nd2+ {/\Nc4-+}) 0-1

[Event "New York CITS"]
[Site "New York"]
[Date "1996.??.??"]
[Round "9"]
[White "De Firmian, Nick E"]
[Black "Salov, Valery"]
[Result "0-1"]
[WhiteElo "2595"]
[BlackElo "2670"]
[Annotator "Salov,V"]
[PlyCount "142"]
[EventDate "1996.03.??"]
[EventType "tourn"]
[EventRounds "11"]
[EventCountry "USA"]
[EventCategory "13"]
[SourceTitle "CBM 052"]
[Source "ChessBase"]
[SourceDate "1996.06.01"]
[SourceVersion "1"]
[SourceVersionDate "1996.06.01"]
[SourceQuality "1"]

1. e4 {Hecht} c5 2. Nf3 Nc6 3. Nc3 d6 4. d4 cxd4 5. Nxd4 Nf6 6. Bc4 e6 7. Be3
a6 8. Bb3 Qc7 9. O-O Na5 10. f4 b5 11. f5 e5 12. Nde2 Bb7 13. Nd5 {This
commits White to a pawn sacrifice, which is over-optimistic.} Nxd5 14. Bxd5 Nc4
15. Bc1 Qc5+ 16. Kh1 Bxd5 17. exd5 Nb6 18. Nc3 Be7 $8 (18... b4 $6 19. Ne4 Qxd5
20. Qf3 $44) 19. Ne4 $6 (19. Qf3 $142) 19... Qxd5 20. Qf3 (20. Qxd5 Nxd5 21.
Rd1 Nb4 22. c3 d5 23. cxb4 (23. Ng3 Nc2 24. Rb1 Rd8) 23... dxe4 $17) 20... Rc8
21. Be3 Nd7 $1 (21... Rc4 $5 22. f6 $8 gxf6 (22... Qxe4 $2 23. fxg7 $18) 23.
Nxf6+ Bxf6 24. Qxf6 Rg8 25. Bg5 Kd7 $13) 22. Rad1 Qc6 23. Rd3 d5 $19 24. Rc3
Qb7 25. f6 Nxf6 26. Nxf6+ Bxf6 27. Rxc8+ Qxc8 28. Qxd5 O-O 29. Qe4 Qe6 30. b3
Rc8 31. Rf2 Be7 32. Kg1 f6 33. Kf1 g6 34. Qb7 Rd8 $2 $138 {Black creats
unnecessary problems for himself: he should have exchanged either queens or
bishops to win easily} (34... Kf7 $142 {/\Qc6}) 35. Rd2 $1 {absolutely
correct! - trading rooks is in white's favour} Rxd2 36. Bxd2 {Hecht: DL-DL:
gleichfarbige L, ein schwarzer Mehrbauer, langwieriges Lavieren bei offener
Königsstellung, weiße Felderschwächen} h5 37. h3 g5 38. Be3 g4 39. hxg4 hxg4
40. Bb6 g3 $2 41. Ke2 $15 f5 42. Bc7 Bf6 43. Qf3 Kf7 44. Ba5 f4 45. Qe4 Kg7 46.
c4 bxc4 47. bxc4 Qg4+ 48. Kd2 Qd7+ 49. Ke2 Qa4 50. Bd2 Qxa2 51. c5 Qb2 52. c6
Bd8 53. Kd1 Qb5 54. Bc3 Bc7 55. Kc2 Qc5 56. Kb3 a5 57. Qf3 Kf8 58. Qe4 Kg7 59.
Qf3 Kh6 60. Qe4 Kg5 61. Bd2 Qd6 62. Qc4 Qxd2 63. Qg8+ Kf6 64. Qf8+ Ke6 65. Qc8+
Kd5 66. Qxc7 Qb4+ 67. Kc2 Qc4+ 68. Kb2 Qb5+ 69. Ka2 Qxc6 70. Qd8+ Ke4 71. Qe7
Qa4+ 0-1

[Event "Ubeda"]
[Site "Ubeda"]
[Date "1997.02.12"]
[Round "4"]
[White "Illescas Cordoba, Miguel"]
[Black "Andersson, Ulf"]
[Result "0-1"]
[WhiteElo "2635"]
[BlackElo "2655"]
[Annotator "Stohl,I"]
[PlyCount "71"]
[EventDate "1997.02.07"]
[EventType "tourn"]
[EventRounds "11"]
[EventCountry "ESP"]
[EventCategory "16"]
[SourceTitle "CBM 058"]
[Source "ChessBase"]
[SourceDate "1997.06.01"]
[SourceVersion "1"]
[SourceVersionDate "1997.06.01"]
[SourceQuality "1"]

{[%mdl 256]} 1. e4 c5 2. Nf3 d6 3. d4 cxd4 4. Nxd4 Nf6 5. Nc3 e6 6. Bc4 a6 7.
O-O {This move order limits not only Black's, but also White's possibilities.}
({The main alternative is} 7. Bb3 {Kasparov has been successful in the
nineties with} Nbd7 $5 {In fact even Short, against whom he used this move in
their 1993 match, incorporated it into his repertoire.} ({Usual moves are} 7...
Nc6) (7... b5) 8. f4 Nc5 9. f5 b5 10. O-O Bd7 11. Qf3 Be7 12. fxe6 fxe6 13. e5
dxe5 14. Nc6 Bxc6 15. Qxc6+ Kf7 16. Be3 Qc8 17. Qf3 Nxb3 18. axb3 Rf8 19. Kh1
Kg8 $15 {Istratescu,A-Short,N/ Yerevan olm 1996}) 7... Be7 ({Now} 7... Nbd7 $6
8. Bxe6 $1 fxe6 9. Nxe6 $44 {/\Nd5-> is very dangerous.}) 8. Bb3 Nc6 ({After} 
8... b5 {the main move is} 9. Qf3 $5 (9. f4 {is considered rather innocuous
due to} O-O 10. e5 dxe5 11. fxe5 Nfd7 12. Be3 Nxe5 13. Qh5 Nc4 14. Bxc4 bxc4
15. Rad1 Qc7 16. Rf3 g6 17. Qh6 f6 18. Rdf1 e5 19. Rg3 Bd8 20. Nf3 Nc6 21. Bc5
Be7 22. Rxg6+ $10 {De Firmian,N-Ivanchuk,V/ Amsterdam 1996})) ({This shows the
cleverest move order is probably} 8... O-O $1 {after which White must go for
the above mentioned line.} 9. f4 b5 {-8...b5 9.f4} (9... Nbd7 10. Kh1 Nc5 11.
e5 dxe5 12. fxe5 Nd5 13. Nxd5 exd5 14. c3 Nxb3 15. axb3 Qb6 16. b4 Qg6 17. Bf4
$14 {Illescas Cordoba,M-Malisauskas,V/ Yerevan olm 1996})) 9. f4 Nxd4 $5 {
Unusual.} ({More topical is} 9... O-O 10. Be3 Nxd4 11. Bxd4 b5 12. e5 dxe5 13.
fxe5 Ne8 $6 (13... Nd7 14. Ne4 Bb7 15. Nd6 Bxd6 16. exd6 Qg5 17. Qe2 a5 $1 (
17... Kh8 $5 18. Rad1 Qg6 19. c4 bxc4 20. Bxc4 f5 21. Bc3 f4 22. Bd3 f3 23. Qf2
Qh5 24. Qg3 e5 25. gxf3 Bxf3 26. Rde1 Rae8 27. Re3 Bc6 28. Rfe1 Qf7 $13 {
Illescas Cordoba,M-Polgar,J/ Dos Hermanas 1997}) 18. a4 b4 19. c4 (19. Bc4 Rac8
20. Rf2 Rc6 $1 21. Bxe6 Rxd6 $15) 19... bxc3 20. bxc3 Ra6 21. Rf2 Rxd6 22. Qb5
Qxb5 23. axb5 e5 24. Ba7 Rd3 25. Rd1 Rxd1+ 26. Bxd1 Ra8 27. Bb3 Nf6 28. Bb6 a4
29. Ba2 Nd5 30. Bc5 Nxc3 31. Rxf7 Bd5 32. Bxd5 Nxd5 33. Rd7 Nf6 34. Rc7 a3 35.
Bxa3 Rxa3 36. b6 Ne4 37. Kf1 Nd6 38. Rd7 $1 $10 {Riemersma,L-Van der Wiel,J/
NED-ch 1995}) 14. Ne4 Bb7 15. Qd3 Qc7 16. c3 Rd8 17. Bc2 Bxe4 18. Qxe4 g6 19.
b4 $1 Ng7 20. g4 $1 $40 {() Short,N-Kasparov,G/ Amsterdam VSB 1996}) 10. Qxd4
O-O 11. f5 $5 ({More usual is} 11. Kh1 {/\f5}) 11... Kh8 $2 {[%csl Rh8] עh8
Black relies on the solidity of his K-side and wants to achieve piece
counterplay without th normal Sicilian b5. But the text wastes a tempo,
moreover the K will be misplaced on h8.} (11... Qc7 $142 {[%cal Rd6d5] /\d5}
12. Kh1 b5 13. Bg5 Rb8 14. a3 Ng4 $5 15. Qd1 $6 Bxg5 16. Qxg4 Qe7 17. fxe6 Bxe6
18. Bxe6 fxe6 19. Ne2 Bf6 20. c3 Be5 $15 {Feigin,S-Serdt/ Pardubice op 1996}) (
11... b5 {Ftacnik} 12. Kh1 Rb8 (12... Qc7 13. Bg5 Ng4 (13... Rb8 14. a3 (14.
Rad1 Rb6 15. Ne2 Kh8 16. fxe6 fxe6 17. Nf4 d5 18. e5 Bc5 19. Qc3 Ne4 20. Qh3
Nxg5 21. Qh5 Nf7 22. Ng6+ Kg8 23. Nxf8 Bxf8 {Grane,E-Gonzalez Garcia,J/Mar del
Plata KIM/1961/0-1 (58)}) 14... h6 15. Bh4 Qb6 16. Qd3 a5 17. fxe6 Bxe6 18.
Bxe6 fxe6 19. Qh3 Kf7 20. Rad1 Qc6 21. Rd3 Rbe8 22. Qg4 Bd8 23. e5 dxe5 24. Ne4
{1-0 Mariano,N-Wang Yaoyao/Beijing Lee Cup (08)/1995 (28)}) 14. Bxe7 Qxe7 15.
Rad1 Rd8 16. Rd3 Qa7 17. h3 Qxd4 18. Rxd4 Ne5 19. fxe6 fxe6 20. Nd5 Ra7 21. Nb6
Rf7 22. Rfd1 Nc4 23. Nxc4 bxc4 24. Bxc4 {1-0 Martin,T2-Kordts,W/BL2-S 8990/
1990 (28)}) (12... Ng4 13. Bf4 (13. Qd1 Ne5 14. a4 Rb8 15. axb5 axb5 16. Ne2
exf5 17. exf5 Nc4 18. Ng3 Bf6 19. Nh5 Re8 20. Qg4 Bb7 21. Bxc4 bxc4 22. Nxf6+
Qxf6 23. Bg5 Qxb2 24. f6 Re4 25. Bf4 Qxf6 {0-1 Strauss,A-Loginov,V/Oberwart op
(02)/1994 (32)}) 13... b4 (13... Rb8 14. h3 e5 15. Qd1 Nf6 16. Bg5 Nxe4 17.
Nxe4 Bxg5 18. Qh5 Bf6 19. Rad1 Rb6 20. Bd5 Kh8 21. Bxf7 Qc7 22. Bd5 b4 23. Rd3
{Georgescu,V-Gheorghiu,F/ ROM-ch 1977/ 0-1 (46)}) 14. Na4 e5 15. Qd1 Nf6 16.
Bg5 Nxe4 17. Qd5 Bxg5 18. Qxa8 Nd2 19. Rf2 Be3 20. Re2 Bf4 21. Qd5 Nxb3 22.
Qxb3 Qh4 23. h3 Bxf5 {1/2-1/2 Dekic,J-Sax,G/Budapest Spring op (03)/1996 (42)})
(12... b4 13. Qxb4 d5 14. Qd4 dxe4 15. Qxd8 Rxd8 16. fxe6 Bxe6 17. Bf4 Rac8 18.
Rae1 Bc4 19. Bxc4 Rxc4 20. h3 h6 21. Re2 {Stisis,Y-Bates,R/Witley (03) 1996/1/
2-1/2 (50)}) 13. a3 (13. fxe6 fxe6 14. Bg5 b4 15. Ne2 Rb5 16. Bd2 a5 17. Nf4
Re5 18. Rae1 g5 19. Nh3 h6 20. c3 Bb7 {1/2-1/2 Sarapu,O-Suradiradja,H/ Buenos
Aires olm 1978}) 13... a5 14. Qd3 (14. fxe6 fxe6 15. e5 $2 dxe5 16. Qxe5 Ng4
$140 $1 $17 17. Bxe6+ $2 Kh8 $1) 14... Bd7 15. fxe6 fxe6 16. Bf4 b4 17. axb4
axb4 18. Ne2 Kh8 19. e5 dxe5 20. Bxe5 Bb5 21. Bc4 {1/2-1/2 Minasian,A2-Serper,
G/Kstovo op (03)/1994 (29)}) 12. Kh1 Bd7 13. Bg5 ({The central tension is in
White's favour, relieving it only helps Black.} 13. fxe6 fxe6 14. e5 $6 dxe5
15. Qxe5 Ng4 $36) 13... Qa5 (13... e5 {Ftacnik} 14. Qd3 Bc6 15. Rad1 $16) 14.
Rad1 ({The pawn is rather unappetizing.} 14. Bxf6 $6 Bxf6 15. Qxd6 Rad8 $36)
14... Rad8 (14... exf5 15. exf5 Bxf5 $2 16. Nd5 Nxd5 (16... Bg6 {Ftacnik} 17.
Bxf6 Bxf6 18. Rxf6 $18) (16... Be6 17. Bxf6 Bxf6 18. Nxf6 Bxb3 19. axb3 $18)
17. Rxf5 $18) 15. Qd3 $36 exf5 $5 {Thus Black solves the problem with
protecting e6 and activates his Bd7, but on the other hand also Bb3 becomes
more potent.} (15... b5 {Ftacnik} 16. a3 Qb6 17. Bf4 $16) 16. exf5 Bc6 17. Qd4
$6 {A critical moment. White loses an important tempo.} (17. Rfe1 $2 Ng4 $1 $10
) (17. Qh3 $142 $1 {[%cal Rf1f4,Rd1d4,Rd4h4] /\ R d4 (f4)-h4->} d5 (17... Rde8
18. Rd4 Ne4 $5 (18... Ng8 $2 19. Rh4 h6 20. Rxh6+ $1 Nxh6 21. Bxh6 Kg8 (21...
gxh6 22. Qxh6+ Kg8 23. Rf4 $18) 22. Qg4 Bf6 23. Bxg7 $1 $18) 19. Nxe4 (19. Rxe4
$5) 19... Bxe4 20. f6 $142 $1 (20. Bxe7 $6 Rxe7 21. f6 (21. Qh4 Qe5 22. Re1 $2
Bxg2+) 21... gxf6 22. Qh4 (22. Qh6 $2 Rg8 $1 23. Qxf6+ Rg7 24. Qxe7 Bxg2+ 25.
Kg1 Bh3+ $19) 22... Qe5 23. Rxe4 Qxe4 24. Qxf6+ Kg8 $10) (20. Rxe4 Bxg5 21.
Rxe8 Rxe8 22. Bxf7 Re1 $14) (20. Bd2 $6 Qe5 21. Bc3 Bf6 22. Re1 $2 Qf4) 20...
Qxg5 (20... Bxf6 21. Bxf6 gxf6 22. Qh4 f5 (22... Qe5 $2 23. Rxe4 $1 $18) 23.
Qf6+ Kg8 24. Rxd6 $40) (20... gxf6 21. Rxe4 Qxg5 (21... fxg5 22. Qe3) 22. Rh4 {
/\} Qg6 $2 23. Rg4 $18) 21. fxg7+ Qxg7 22. Rxe4 $16 {[%csl Rd6,Rf7,Rh7,Rh8]
->^-׻ Black's chances to survive in this position are rather small.}) (17...
Ng8 18. Bxe7 Nxe7 19. f6 (19. Rd4 $2 Bd7 $1 $10) 19... gxf6 20. Rxf6 Rg8 21.
Rf2 $16 {[%csl Rd6,Rf7,Rh7] ק}) (17... Qc7 $2 18. Rd4 Ne4 (18... Ng8 19. Rh4
h6 20. f6 $40) 19. Nxe4 Bxe4 20. f6 gxf6 21. Bh6 f5 22. Bxf8 Rxf8 23. c3 Rg8
24. Bd5 $18) 18. Rf4 $1 ({White needs his R on the d-file at the end.} 18. Rd4
Rfe8 19. Rh4 Kg8 20. Bxf6 Bxf6 21. Rxh7 Kf8 $132) 18... Kg8 19. Rh4 Rfe8 (19...
h6 20. Bxh6 gxh6 21. Rxh6 Kg7 22. Rd3 Rg8 23. Rg3+ Kf8 24. Rh8 $1 $18) (19...
Ne4 $2 20. Nxe4 dxe4 21. Rf1 $1 Bxg5 22. Rxh7 Bh6 23. Rxh6 gxh6 24. Qxh6 {
[%cal Rf5f6] /\f6+-} Qd2 $8 25. Qg6+ Kh8 26. Qh5+ Kg8 27. f6 $18) 20. Bxf6 Bxf6
21. Rxh7 Kf8 22. Rh8+ Ke7 23. Rxe8+ Kxe8 24. Qd3 $36 {White has extra tempi
compared to the position, which later arose in the game. This gives him an
advantage.}) 17... d5 {[%csl Rb3] ץb3} 18. Qh4 (18. Rfe1 Qc7 $8 (18... Qb4 $2
19. Bxf6) (18... Rfe8 $2 19. Rxe7 $1 (19. Rxe7 {Ftacnik} Rxe7 20. Bxf6 $18)) (
18... Qc5 {Ftacnik} 19. Bxf6 gxf6 20. Bxd5 $18 (20. Qxc5 Bxc5 21. Bxd5 Bb4 22.
Bxc6 Bxc3 23. bxc3 bxc6 24. Kg1 $16)) 19. Qh4 Rfe8 $132) 18... Rfe8 $1 19. Rd3
(19. Rfe1 {Ftacnik} Qc5 20. Re5 Ne4 $3 21. Bxe7 (21. Rxe4 dxe4 22. Rxd8 Qxf5 (
22... Rxd8 23. Bxe7 Qxf5 24. Bc4) 23. Rxe8+ Bxe8 24. Qf4 Qxg5 25. Qxg5 Bxg5 26.
Nxe4 Be7) 21... Nf2+ 22. Kg1 Nh3+ 23. Kf1 Qg1+ 24. Ke2 Qxg2+ 25. Ke3 d4+ 26.
Rxd4 Qxh2 27. Rxd8 Qxe5+ 28. Kd2 Rxd8+ 29. Bxd8 Ng1 $1 $13) 19... Qc5 20. Rh3
Kg8 $3 $8 {This move is of course forced, the exclamation marks are for the
amazing defensive concept. Andersson had to foresee at least when he played 18.
..Rfe8! that he can evacuate his K from the danger zone and the Ph7 will not
be so significant.} (20... h6 $2 21. Bxh6 $18 {[%cal Rh6g7] /\Bg7} (21. Bxh6 {
Ftacnik} Ng8 22. Bg5+ Nh6 23. f6 $18)) 21. Bxf6 $6 {Ambitious and very logical.
} ({But it seems it was already time to bail out with} 21. Rg3 $142 $1 {
[%cal Rg5f6] /\Bf6} Kh8 $1 $8 (21... Ne4 $2 22. Nxe4 dxe4 23. Bxe7 {[%cal
Rf5f6] /\f6+-}) (21... Rd6 22. Bh6 g6 (22... Bf8 23. Bxg7 Bxg7 24. Qg5 $40) 23.
Bg5 $40) (21... Kf8 $2 22. Bh6 $1 $18) 22. Rh3 $10) (21. Re1 h6 $1 {/\} 22.
Bxh6 $2 Ne4 $1 23. Bg5 Nf2+ $19) 21... Bxf6 22. Qxh7+ Kf8 $44 {Black has a
strong ^^, his pieces are suddenly well coordinated. White has permanent
problems with his back rank, this will cause his loss in the end.} 23. Qh8+ (
23. Qh5 $5 Re5 $1 $44 {[%cal Rd8e8,Ge8e1] /\Rde8,<->e} (23... Qf2 $2 24. Qh8+
Ke7 25. Qxe8+ $18)) (23. Rd3 Re5 $1 $36 (23... d4 $6 24. Qh5 Rd7 (24... g6 25.
Qh7) 25. Qh8+ Ke7 26. Re1+ Be5 27. Qh4+ {[%cal Rc3e4] /\Ne4})) 23... Ke7 24.
Qh5 (24. Re1+ $2 {Ftacnik} Kd7 $19) 24... Rd7 $1 (24... d4 $6 25. Qxf7+ Kd6 26.
Rd3 $1 {/\} Qxf5 $2 27. Rxd4+ $1 $18) 25. Re1+ $2 {[%csl Rh1][%cal Rh1a1] עh1
Decisively weakens the back rank.} (25. Rd3 $142 d4 (25... Kd8 26. Rdd1 $5 (26.
Nxd5 $2 Bxd5 27. Bxd5 Rxd5 28. Rxd5+ Qxd5 29. Rd1 Kc8 $1 $19) 26... d4 $36 (
26... Re5 $5) 27. Ne2 (27. Bxf7 $2 Ree7 28. Qh8+ (28. Be6 Rxe6 $19) 28... Kc7
29. Be6 Rd8 $19) 27... g6 $36) 26. Re1+ Kd8 27. Rxe8+ Kxe8 28. Be6 Rc7 $13) (
25. Na4 $5) (25. Ne2 Bb5 $1 (25... Kd8 26. Nf4 $14)) (25. Na4 {Ftacnik} Qa5)
25... Kd8 26. Rxe8+ (26. Qd1 Rxe1+ 27. Qxe1 d4 $40 {/\} 28. Ne4 $2 Qe5 $19)
26... Kxe8 27. Qh8+ $6 (27. Nd1 Re7 $19) (27. Qd1 $142 $8 Kd8 $1 $17 {[%cal
Rd5d4] /\d4} (27... d4 $6 28. Rh8+ Ke7 29. Qe2+ $132) (27... Kd8 {Ftacnik} 28.
Qd2 $16)) 27... Ke7 $19 {[%cal Rc5f2] /\Qf2} 28. Nd1 $8 (28. Rf3 d4 29. Rf1
dxc3 30. Re1+ Be5 31. Qxg7 Kd8 $1 $19 {The back rank motive repeats itself all
the time.}) 28... d4 (28... Rd8 {Ftacnik} 29. Re3+ (29. Qh5 Re8 (29... Kf8 30.
Re3 Kg8) 30. Re3+ Kd8 31. Rxe8+ Bxe8 $14) 29... Qxe3 30. Qxd8+ Kxd8 31. Nxe3
Bxb2 32. Bxd5 Bxd5 33. Nxd5 Kd7 $14) 29. Qg8 (29. Qh5 Qe5 $1 $19) 29... Qe5 $1
(29... Qxf5 $1 {Ftacnik} 30. Kg1 (30. Qxf7+ Kd6 31. Qc4 Qg4 $19) 30... Qg4 $19)
30. Qxf7+ Kd8 (30... Kd6 $2 31. Qe6+) 31. Rh8+ (31. Qe6 Re7 $1 32. Rh8+ Kc7 33.
Qxe5+ Rxe5 $19 {wins a piece.}) 31... Kc7 32. Qe8 (32. Re8 Qxf5 33. Qc4 d3 $1
34. Re1 Qg5 35. Re4 (35. Ne3 d2 $19) (35. Rg1 {Ftacnik} Bd4 $19) 35... b5 36.
Qb4 Bxe4 37. Qxe4 Re7 38. Be6 Qd2 $19) (32. Qe6 {Ftacnik} Re7 $1 33. Rc8+ Kb6
34. Qxe5 Rxe5 $19) 32... Qxf5 33. Qe1 (33. Kg1 Qg4 $19 {[%cal Rg4g2,Rg4d1] /
\Qg2#,Qd1}) 33... Re7 34. Qg3+ (34. Qg1 Re2 $19 (34... Bxg2+ $5) (34... Bxg2+ {
Ftacnik} 35. Kxg2 Qg4+ 36. Kf2 Qe2+ 37. Kg3 Be5+ 38. Kh4 Qf3 39. Kg5 Bf6+ 40.
Kg6 Qe4+ 41. Kh5 Re5+ $19)) 34... Kb6 35. Bc4 $138 (35. Kg1 Re2 $19 {[%cal
Re2g2,Rf6e5,Rf5e4] R g2,Qe4,Be5} (35... d3 {Ftacnik} 36. c3 (36. Qf2+ Qxf2+ 37.
Kxf2 Re2+ 38. Kg3 dxc2 $19) 36... Qc5+ 37. Kf1 d2 $19)) 35... Qxc2 36. Bb3 (36.
Bb3 Qxg2+ (36... Re1+ 37. Qxe1 Qxg2#) 37. Qxg2 Re1#) 0-1

[Event "Vilcea Festival"]
[Site "Calimanesti"]
[Date "1984.01.12"]
[Round "5"]
[White "Stoica, Valentin"]
[Black "Tischbierek, Raj"]
[Result "0-1"]
[WhiteElo "2420"]
[BlackElo "2450"]
[Annotator "Tischbierek,R"]
[PlyCount "46"]
[EventDate "1984.01.07"]
[EventType "tourn"]
[EventRounds "11"]
[EventCountry "ROU"]
[EventCategory "7"]
[SourceTitle "EXT 2013"]
[Source "ChessBase"]
[SourceDate "2012.11.22"]
[SourceVersion "1"]
[SourceVersionDate "2012.11.22"]
[SourceQuality "1"]

{SCHACH 3/1984 Seite 115 und Inf 37/270} 1. e4 c5 2. Nf3 Nc6 3. d4 cxd4 4. Nxd4
Nf6 5. Nc3 d6 6. Bc4 e6 7. Bb3 Be7 8. Be3 O-O 9. f4 {Fischers Zug.} ({Höher im
Kurs steht heutzutage} 9. Qe2 {gefolgt von 0-0-0 und kompromißloses
Angriffsspiel.}) 9... Nxd4 10. Bxd4 b5 11. e5 dxe5 12. fxe5 Nd7 13. O-O b4 $5 {
Die Theorie beurteilt diesen Zug weniger freundlich anhand der Partie
Fischer-Olafsson, 1962. Wie wir sehen werden, steht dem Nachziehenden im 17.
Zug eine bedeutend stärkere Fortsetzung zur Verfügung.} ({Wer ihr jedoch nicht
traut, kann hier auch} 13... Bc5 {spielen, um sich nach} 14. Bxc5 Nxc5 15. Qxd8
Rxd8 16. Nxb5 Ba6 {mit einem baldigen Remis zu begnügen.}) 14. Ne4 Bb7 15. Nd6
Bxd6 16. exd6 Qg5 17. Qe2 a5 $1 {Mit der Hauptidee 18... Ra6, was den gewaltig
scheinenden Bauern d6 plötzlich zur Schwäche abstempelt.} (17... Bd5 18. Rad1
Bxb3 19. axb3 e5 $2 20. Qb5 $1 {und Weiß gewann schnell; Fischer,R-Olafsson,F/
Stockholm 1962}) 18. Rf2 Ra6 19. Rd1 $2 ({Das weiße Spiel war nur mit der
taktischen Wendung} 19. Bxe6 {zu retten, da} fxe6 {an} ({Schwarz spielt jedoch
} 19... Rxd6 $1 {und steht nach} 20. Be3 $1 Qe5 21. Bxd7 Rxd7 22. Bf4 Qd5 {
immer ein wenig besser.}) 20. Qxe6+ Kh8 21. Qxd7 Rxf2 22. Qe8+ {scheitert.})
19... Rxd6 20. Bxg7 {[#] So hatte Stoica sich die Sache gedacht:} Ba6 $3 {
Eine teuflische Riposte! Weiss ist verloren.} (20... Rxd1+ 21. Qxd1 Kxg7 22.
Qxd7 {mit Ausgleich. Aber...}) 21. c4 {Es gibt nichts Besseres, z.B.} (21. Qe1
Rxd1 22. Qxd1 Kxg7 23. Qxd7 Qc1+ {oder}) (21. Rxd6 Bxe2 22. Rxe2 Qc5+) 21...
bxc3 22. Qe1 Rxd1 23. Qxd1 Qxg7 0-1